| 000 | 02067nmm a2200301 a 4500 | ||
|---|---|---|---|
| 003 | CO-CtgCURN | ||
| 005 | 20250820210950.0 | ||
| 008 | 220709s2021 xx f 000 0 und d | ||
| 040 |
_aCO-CtgCURN _bspa _ccoctgcurn |
||
| 082 |
_aENF 2021 _bC355e |
||
| 100 |
_aCastro Reyes, Daulys Karina _eautora _95904 |
||
| 245 | 0 |
_aEstilos de vida en residentes de Barranquilla durante la pandemia por SARS-CoV-2 (COVID-19), 2021 _h[electronic resource] / _cDaulys Karina Castro Reyes; Zuleivys Milena Corro Barros; Ricardo Manuel Jiménez Ruiz; María Alejandra Villegas Hurtado; tutora., Cristina Elena Bohórquez Moreno |
|
| 260 |
_aBarranquilla, Atlántico : _bCorporación Universitaria Rafael Núñez, _c2021 |
||
| 300 |
_a1 recurso en línea (45 páginas (PDF)) : _btablas |
||
| 502 | _aTrabajo de Grado (Enfermera). Corporación Universitaria Rafael Núñez. Facultad de Ciencias de la Salud. Programa de Enfermería, 2021 | ||
| 504 | _aIncluye referencias bibliográficas | ||
| 520 | _aLa pandemia Covid 19 que afecta actualmente la población mundial ha traído una serie de cambios que impacta estilos de vida, debido a eso se propone indagar las necesidades y conocimientos del individuo que se ocupara esta investigación, sino también de las condiciones de trabajo y vida puesto que, los cambios en el modo y el estilo de vida de las personas modifican el proceso Salud-Enfermedad. | ||
| 521 | _aAREA PROFESIONAL | ||
| 590 | _aPrograma de Enfermería_27 | ||
| 650 |
_aEnfermería _vTesis y disertaciones académicas _95905 |
||
| 700 |
_aBohórquez Moreno, Cristina Elena _etutora _95906 |
||
| 700 |
_aCorro Barros, Zuleivys Milena _eautora _95907 |
||
| 700 |
_aJiménez Ruiz, Ricardo Manuel _eautor _95908 |
||
| 700 |
_aVillegas Hurtado, María Alejandra _eautora _95909 |
||
| 856 |
_uhttps://unicurn.sharepoint.com/:b:/s/biblioteca/EaDupJN-X55IhK2ZPqNH3ewBusjjRzDGfEaC4a_fcKZ7QA?e=MTMcKK _yConsulte aquí el texto completo |
||
| 942 |
_cTG _hENF 2021 _iC355e _2ddc _n0 |
||
| 999 |
_c612 _d612 |
||